[Event "Challenge"]
[Site "http://www.queenalice.com/game.php?id=1872548"]
[Date "2026.4.27"]
[Round "-"]
[White "PaulMSains"]
[Black "simonjscott"]
[Result "0-1"]
[WhiteElo "2080"]
[BlackElo "2187"]

1. d4 Nf6 2. Bf4 e6 3. Nf3 b6 4. Nc3 Bb7 5. e3 Bb4 6. Qd3 O-O 7. O-O-O Bxc3 8.
Qxc3 Nd5 9. Qd3 h6 10. Be2 Ba6 11. Qd2 Bxe2 12. Qxe2 Nxf4 13. exf4 Qf6 14. Qe5
Qd8 15. g4 Nc6 16. Qh5 Qf6 17. f5 exf5 18. gxf5 Ne7 19. Nh4 Nd5 20. Rhg1 Rfe8
21. Qg4 Re7 22. Kb1 Rae8 23. Nf3 d6 24. a3 Re4 25. Qh3 Nf4 26. Qf1 Qxf5 27. Rg3
Qf6 28. Qc4 Ne2 29. Rh3 c5 30. Qb5 Qf5 0-1

[Event "Challenge"]
[Site "http://www.queenalice.com/game.php?id=1872634"]
[Date "2026.4.29"]
[Round "-"]
[White "simonjscott"]
[Black "PaulMSains"]
[Result "0-1"]
[WhiteElo "2196"]
[BlackElo "2068"]

1. d4 d5 2. c4 dxc4 3. e4 e5 4. Nf3 Bb4+ 5. Nc3 Bg4 6. Qa4+ Nc6 7. d5 Bxc3+ 8.
bxc3 Bxf3 9. gxf3 Ne7 10. dxc6 Nxc6 11. Bxc4 a6 12. Bd5 Qd7 13. Bxc6 bxc6 14.
Ba3 Qe6 15. O-O a5 16. Qb3 Qf6 17. c4 h5 18. Rad1 Rh6 19. Qb7 Rg6+ 20. Kh1 Qxf3#
0-1

[Event "Challenge"]
[Site "http://www.queenalice.com/game.php?id=1872913"]
[Date "2026.5.4"]
[Round "-"]
[White "PaulMSains"]
[Black "simonjscott"]
[Result "0-1"]
[WhiteElo "2089"]
[BlackElo "2180"]

1. d4 Nf6 2. Bf4 e6 3. Nf3 b6 4. Nc3 Bb7 5. e3 Bb4 6. Qd3 O-O 7. O-O-O a6 8. Kb1
Bxc3 9. Qxc3 Nd5 10. Qd2 Nxf4 11. exf4 Bxf3 12. gxf3 Nc6 13. d5 exd5 14. Qxd5
Qf6 15. Qxd7 Rad8 16. Bxa6 Rxd7 17. Rxd7 Qxf4 18. Be2 Nd4 19. Bd1 Re8 20. Re1
Kf8 0-1

[Event "Challenge"]
[Site "http://www.queenalice.com/game.php?id=1872979"]
[Date "2026.5.5"]
[Round "-"]
[White "simonjscott"]
[Black "PaulMSains"]
[Result "1-0"]
[WhiteElo "2189"]
[BlackElo "2077"]

1. d4 Nf6 2. c4 g6 3. Nc3 Bg7 4. e4 d6 5. f3 O-O 6. Be3 e5 7. d5 c6 8. Nge2 c5
9. Qb3 Qb6 10. Qxb6 axb6 11. Nb5 Ne8 12. Nec3 Bd7 13. Be2 Na6 14. a3 Nec7 15.
Nxd6 Rab8 16. O-O f5 17. exf5 Bxf5 18. Nxf5 Rxf5 19. Ne4 Rd8 20. Rad1 Bf8 21.
Bg5 Rd7 22. Nf6+ Rxf6 23. Bxf6 Bd6 24. Bg5 Ne8 25. Rd3 Nb8 26. Rb3 Bc7 27. Bd3
Rd6 28. Re1 Nd7 29. Be7 1-0

[Event "Challenge"]
[Site "http://www.queenalice.com/game.php?id=1873117"]
[Date "2026.5.8"]
[Round "-"]
[White "PaulMSains"]
[Black "simonjscott"]
[Result "0-1"]
[WhiteElo "2073"]
[BlackElo "2198"]

1. d4 Nf6 2. Bf4 e6 3. Nf3 b6 4. e3 Bb7 5. Be2 c5 6. O-O Nc6 7. Nc3 Be7 8. h3
O-O 9. e4 cxd4 10. Nxd4 Nxd4 11. Qxd4 Bc5 12. Qd3 h6 13. Bf3 Re8 14. Na4 Be7 15.
e5 Nd5 16. Bg3 Qc7 17. c4 Nb4 18. Qb3 Nc6 19. Rfe1 Nd4 20. Qc3 Nxf3+ 21. gxf3 a5
22. b3 Bb4 23. Qe3 Bxe1 24. Rxe1 Ra6 25. f4 d5 26. cxd5 Bxd5 27. Rc1 Qb7 28. Rc3
Re7 29. Bh4 Rc7 30. Rd3 Be4 31. Rd4 Bf5 32. Kh2 Rc6 33. Qg3 b5 34. Bf6 Bg6 0-1

[Event "Challenge"]
[Site "http://www.queenalice.com/game.php?id=1873288"]
[Date "2026.5.12"]
[Round "-"]
[White "simonjscott"]
[Black "PaulMSains"]
[Result "1-0"]
[WhiteElo "2206"]
[BlackElo "2062"]

1. d4 d5 2. c4 dxc4 3. e4 e5 4. Nf3 exd4 5. Bxc4 Bc5 6. O-O Nc6 7. Qc2 b6 8. Bf4
Nf6 9. Ng5 Rf8 10. e5 Nd7 11. Re1 Be7 12. Bxf7+ Rxf7 13. Qxc6 Bxg5 14. Bxg5 Qxg5
15. e6 Re7 16. exd7+ Bxd7 17. Qxa8+ Kf7 18. Rxe7+ Kxe7 19. Qe4+ Be6 20. Qe1 Qb5
21. b3 Qg5 22. Nd2 Kf7 23. Ne4 Qg6 24. Rd1 c5 25. Rd3 Bd5 26. f3 Be6 27. Qg3 Qh6
28. Qg5 1-0

[Event "Challenge"]
[Site "http://www.queenalice.com/game.php?id=1873394"]
[Date "2026.5.14"]
[Round "-"]
[White "PaulMSains"]
[Black "simonjscott"]
[Result "0-1"]
[WhiteElo "2042"]
[BlackElo "2221"]

1. Nf3 Nf6 2. g3 g6 3. Bg2 Bg7 4. O-O O-O 5. d3 d6 6. Nc3 c5 7. Bg5 Nc6 8. Bxf6
Bxf6 9. Rb1 Be6 10. e3 Rb8 11. Ne4 Bg7 12. d4 cxd4 13. exd4 Bxa2 14. Rc1 Bd5 15.
Nc3 Bxf3 16. Bxf3 Nxd4 17. Bg2 e6 18. Ne4 d5 19. Nc3 Qb6 20. Na4 Qb5 21. b3 Rfc8
22. Re1 Rc7 23. Bf1 Qc6 24. c3 Rbc8 25. c4 b5 26. Nb2 bxc4 27. bxc4 Nf3+ 28.
Qxf3 Bxb2 29. cxd5 Qxd5 30. Qxd5 exd5 31. Rb1 Rc2 32. Re7 Rd2 33. Rbe1 Bd4 34.
R1e2 Rd1 35. Re1 Rcc1 36. Rxd1 Rxd1 37. Kg2 Kf8 38. Re2 Bb6 39. Kf3 Rxf1 0-1

[Event "Challenge"]
[Site "http://www.queenalice.com/game.php?id=1873469"]
[Date "2026.5.15"]
[Round "-"]
[White "simonjscott"]
[Black "PaulMSains"]
[Result "1-0"]
[WhiteElo "2214"]
[BlackElo "2052"]

1. d4 d5 2. c4 dxc4 3. e4 e6 4. Bxc4 Bb4+ 5. Bd2 Bxd2+ 6. Qxd2 Nf6 7. Nc3 Nc6 8.
Nf3 O-O 9. O-O Re8 10. Rfd1 Bd7 11. Rac1 h6 12. h3 e5 13. dxe5 Nxe5 14. Nxe5
Rxe5 15. f4 Re7 16. e5 Nh7 17. Nd5 Re8 18. Nxc7 Be6 19. Bxe6 fxe6 20. Qxd8 Raxd8
21. Nxe8 Rxe8 22. Rd7 Rb8 23. Rcc7 Nf8 24. Rxg7+ Kh8 25. Rxb7 1-0

[Event "Challenge"]
[Site "http://www.queenalice.com/game.php?id=1873587"]
[Date "2026.5.19"]
[Round "-"]
[White "simonjscott"]
[Black "PaulMSains"]
[Result "1/2-1/2"]
[WhiteElo "2222"]
[BlackElo "2057"]

1. d4 e6 2. c4 Bb4+ 3. Bd2 Bxd2+ 4. Qxd2 Nf6 5. Nc3 O-O 6. e3 d5 7. Nf3 Nc6 8.
Be2 Bd7 9. O-O Ne7 10. c5 c6 11. Ne5 Be8 12. Bd3 Nd7 13. Nxd7 Bxd7 14. Ne2 Ng6
15. Qc2 Qg5 16. Rfe1 f5 17. Qb3 Nh4 18. Ng3 Rab8 19. f4 Qg6 20. Qa4 a6 21. Qa5
Rfd8 22. Qc7 Qf7 23. b4 Be8 24. Qxf7+ Bxf7 25. a4 Be8 26. Be2 h6 27. Nf1 Ng6 28.
g3 Ne7 29. Nd2 g5 30. Kf2 g4 31. b5 h5 32. Nb3 Ng6 33. h4 Kg7 34. Na5 cxb5 35.
axb5 Bxb5 36. Bxb5 axb5 37. Reb1 Ne7 38. Rxb5 Rd7 39. c6 Rc7 40. Rab1 Nxc6 41.
Nxc6 Rxc6 42. Rxb7+ Rxb7 43. Rxb7+ Kg6 44. Rb2 1/2-1/2

[Event "Challenge"]
[Site "http://www.queenalice.com/game.php?id=1873595"]
[Date "2026.5.20"]
[Round "-"]
[White "PaulMSains"]
[Black "simonjscott"]
[Result "1/2-1/2"]
[WhiteElo "2041"]
[BlackElo "2228"]

1. e4 e5 2. Nf3 Nf6 3. Nxe5 d6 4. Nf3 Nxe4 5. d3 Nf6 6. Be2 d5 7. O-O c5 8. c4
Be6 9. Bf4 Bd6 10. Bxd6 Qxd6 11. h3 O-O 12. cxd5 Bxd5 13. Nc3 Nc6 14. Nxd5 Nxd5
15. d4 cxd4 16. Nxd4 Rfe8 17. Re1 Rad8 18. Nxc6 Qxc6 19. Bf3 Qb5 20. Bxd5 Rxe1+
21. Qxe1 Qxd5 22. Qe2 h6 23. b3 Qd4 24. Re1 Qd7 1/2-1/2

[Event "Challenge"]
[Site "http://www.queenalice.com/game.php?id=1873889"]
[Date "2026.5.24"]
[Round "-"]
[White "PaulMSains"]
[Black "simonjscott"]
[Result "1/2-1/2"]
[WhiteElo "2054"]
[BlackElo "2224"]

1. d4 b6 2. e4 e6 3. Bd3 Bb7 4. Nc3 Bb4 5. Bd2 Nf6 6. Nf3 O-O 7. O-O d6 8. a3
Bxc3 9. Bxc3 Nbd7 10. Re1 a5 11. e5 Nd5 12. Bd2 h6 13. Be4 dxe5 14. dxe5 Nc5 15.
Bxd5 Bxd5 16. b4 Ne4 17. c4 Bb7 18. Be3 axb4 19. Qxd8 Rfxd8 20. axb4 Kh7 21.
Rad1 Kg6 22. Nh4+ Kh7 23. h3 g5 24. Nf3 Kg6 25. Nd4 Ra4 26. Nc2 Rxd1 27. Rxd1
Kf5 28. Rd7 Kxe5 29. Rxc7 Ra2 30. Rxb7 Rxc2 31. Bxb6 Nd6 32. Rc7 Rc1+ 33. Kh2
Rxc4 34. Rxc4 Nxc4 35. Bc5 h5 36. g3 Kd5 37. Be7 g4 38. hxg4 hxg4 39. Kg2 Nd6
40. f3 gxf3+ 41. Kxf3 Nb5 42. Ke3 Kc4 43. Ke4 Nc3+ 44. Ke5 Nd5 45. Bd6 Nxb4 46.
Kf6 Nc6 47. Kxf7 e5 48. Bxe5 Nxe5+ 49. Kf6 Kd4 1/2-1/2

[Event "Challenge"]
[Site "http://www.queenalice.com/game.php?id=1874206"]
[Date "2026.5.31"]
[Round "-"]
[White "simonjscott"]
[Black "PaulMSains"]
[Result "1-0"]
[WhiteElo "2217"]
[BlackElo "2064"]

1. d4 d5 2. c4 dxc4 3. Nf3 Bf5 4. Nc3 e6 5. e4 Bg6 6. Bxc4 Bb4 7. O-O Ne7 8. Re1
O-O 9. h4 h6 10. Qb3 Bxc3 11. bxc3 b6 12. Ba3 Re8 13. Rad1 Nd7 14. Re3 Nc6 15.
Bd3 Na5 16. Qc2 Qc8 17. e5 Bxd3 18. Qxd3 Nf8 19. h5 Rd8 20. c4 c5 21. d5 exd5
22. cxd5 b5 23. Qxb5 Nb7 24. d6 Ne6 25. Bb2 a6 26. Qa4 Qd7 27. Qe4 Qb5 28. Rb3
1-0